00372nam a22001097a 4500020001400000082001200014100001700026245010800043260003200151300000900183650007000192 a471408522 a540 HOL aHolum,John.R aPrinciples of Physical,Organic and Biological Chemistry: An Introduction to the Molecular basis of life aNewe YorkbJohn Wileyc1969 a728p achemistry,organic chemistry,biological chemistryamolecualr basis